Dictionary of botany / (Record no. 15045)
[ view plain ]
| 000 -LEADER | |
|---|---|
| fixed length control field | 00674cam a22002172 4500 |
| 001 - CONTROL NUMBER | |
| control field | 0000008545 |
| 005 - DATE AND TIME OF LATEST TRANSACTION | |
| control field | 20151217161138.0 |
| 008 - FIXED-LENGTH DATA ELEMENTS--GENERAL INFORMATION | |
| fixed length control field | 080423s xx 000 0 eng d |
| 020 ## - INTERNATIONAL STANDARD BOOK NUMBER | |
| International Standard Book Number | 8174733418 : |
| Terms of availability | KES 385 |
| 040 ## - CATALOGING SOURCE | |
| Original cataloging agency | KABU |
| Transcribing agency | KABU |
| 245 10 - TITLE STATEMENT | |
| Title | Dictionary of botany / |
| Statement of responsibility, etc. | edited by Deepak Arora. |
| 260 ## - PUBLICATION, DISTRIBUTION, ETC. (IMPRINT) | |
| Place of publication, distribution, etc. | Delhi : |
| Name of publisher, distributor, etc. | AITBS Publishers, |
| Date of publication, distribution, etc. | 2006. |
| 300 ## - PHYSICAL DESCRIPTION | |
| Extent | 412 p. |
| 650 #0 - SUBJECT ADDED ENTRY--TOPICAL TERM | |
| Topical term or geographic name as entry element | Botany |
| Form subdivision | Dictionaries. |
| -- | 0000155356 |
| 700 1# - ADDED ENTRY--PERSONAL NAME | |
| Personal name | Arora, Deepak. |
| -- | 0000159184 |
| 908 ## - PUT COMMAND PARAMETER (RLIN) | |
| Put command parameter | 080423 |
| 950 ## - LOCAL HOLDINGS (RLIN) | |
| -- | 1 |
| Withdrawn status | Lost status | Source of classification or shelving scheme | Not for loan | Home library | Current library | Date acquired | Total Checkouts | Full call number | Barcode | Date last seen | Price effective from | Koha item type |
|---|---|---|---|---|---|---|---|---|---|---|---|---|
| Library of Congress Classification | Not For Loan | Kabarak, Main Campus | Kabarak, Main Campus | 17/12/2015 | QK9 .D53 | 006120 | 17/12/2015 | 17/12/2015 | Reference | |||
| Library of Congress Classification | Not For Loan | Kabarak, Main Campus | Kabarak, Main Campus | 17/12/2015 | QK9 .D53 | 006121 | 17/12/2015 | 17/12/2015 | Reference | |||
| Library of Congress Classification | Not For Loan | Kabarak, Main Campus | Kabarak, Main Campus | 17/12/2015 | QK9 .D53 | 006119 | 17/12/2015 | 17/12/2015 | Reference |